Anatomia dos órgãos vegetativos de Hymenaea martiana Hayne (CaesalpinioideaeFabaceae): espécie de uso medicinal em Caetité-BA (Registro n. 298917)
[ somente texto ]
| 000 -LÍDER | |
|---|---|
| fixed length control field | 03841nab a2200265 i 4500 |
| 003 - CÓDIGO MARC DA AGÊNCIA CATALOGADORA | |
| Campo de controle | BR-BrBNA |
| 005 - DATA E HORA DA ÚLTIMA ATUALIZAÇÃO | |
| Campo de controle | 20240325115546.0 |
| 008 - CAMPO DE TAMANHO FIXO | |
| fixed length control field | 240325b2012 bl.qr|pooa||| 00| 0 por | |
| 040 ## - FONTE DA CATALOGAÇÃO | |
| Agência catalogadora | BR-BrBNA |
| Idioma da catalogação | por |
| 072 ## - CATEGORIA AGRIS | |
| Código AGRIS | F50 |
| 100 ## - ENTRADA PRINCIPAL - NOME PESSOAL | |
| Nome pessoal | Silva, M.S. |
| 100 ## - ENTRADA PRINCIPAL - NOME PESSOAL | |
| Nome pessoal | Leite, K.R.B. |
| 100 ## - ENTRADA PRINCIPAL - NOME PESSOAL | |
| Nome pessoal | Saba, M.D. |
| 245 ## - TÍTULO PRINCIPAL | |
| Título principal | Anatomia dos órgãos vegetativos de Hymenaea martiana Hayne (CaesalpinioideaeFabaceae): espécie de uso medicinal em Caetité-BA |
| 500 ## - NOTA GERAL | |
| Nota geral | Publicação on-line; 25 ref.; 17 illus.; Summaries (En, Pt) |
| 942 ## - ADDED ENTRY ELEMENTS (KOHA) | |
| Koha item type | |
| 520 ## - NOTA DE RESUMO | |
| Nota de conteúdo | RESUMO: <br/><br/>Hymenaea martiana Hayne (Fabaceae-Caesalpinioideae) apresenta grande valor na<br/>medicina popular em Caetité. A casca, entrecasca do caule e a resina, são utilizadas no tratamento<br/>de diversos males. Neste estudo são apresentadas a caracterização anatômica e histoquímica<br/>dos órgãos vegetativos. Amostras foram coletadas e processadas segundo técnicas usuais em<br/>anatomia vegetal e histoquímica. Todos os órgãos apresentam, em visão transversal, epiderme<br/>unisseriada e cavidades secretoras. Cutícula espessa ocorre em todos os órgãos aéreos. A raiz<br/>é tetrarca. Colênquima lacunar foi encontrado no caule. Bainha de fibras esclerenquimáticas<br/>envolve os feixes vasculares dos órgãos aéreos. Células pétreas ocorrem no pecíolo. Tricomas<br/>tectores ocorrem em ambas as faces da folha. A folha é hipoestomática com estômatos paracíticos<br/>e o mesofilo é dorsiventral. Cristais de oxalato de cálcio ocorrem no caule, pecíolo e lâmina foliar.<br/>Compostos fenólicos ocorrem na raiz, pecíolo e nervura central da folha. Grãos de amido ocorrem<br/>na raiz, caule e pecíolo. Lipídios ocorrem em todos os órgãos. Acredita-se que compostos fenólicos<br/>e cavidades secretoras de resina podem justificar a utilidade medicinal da espécie pela população<br/>de Caetité.<br/><br/>Palavras-chave: Caesalpinioideae, Hymenaea, Caetité, anatomia, histoquímica |
| 520 ## - NOTA DE RESUMO | |
| Nota de conteúdo | <br/><br/>ABSTRACT: <br/><br/>Anatomy of vegetative organs of Hymenaea martiana Hayne (FabaceaeCaesalpinioideae): <br/>a species of medicinal use in Caetité-Bahia State, Brazil. Hymenaea<br/>martiana Hayne (Fabaceae-Caesalpinioideae) shows a great value in folk medicine in Caetité. Its<br/>bark, stem-bark and resin are used to treat various ailments. In this study, the anatomical and<br/>histochemical characterization of vegetative organs is reported. Samples were collected and<br/>processed according to usual techniques of plant anatomy and histochemistry. All organs have,<br/>by cross-sectional view, uniseriate epidermis and secretory cavities. Thick cuticle occurs in all<br/>aerial organs. The root is tetrarch. Lacunar collenchyma was found in the stem. Sclerenchymatic<br/>sheath of fibers surrounds the vascular bundles of the aerial organs. Stone cells occur in the<br/>petiole. Trichomes occur on both sides of the leaves. The leaf is hypostomatic with paracytic<br/>stomata and the mesophyll is dorsiventral. Calcium oxalate crystals occur in the stem, petiole<br/>and leaf blade. Phenolic compounds occur in the root, petiole and midrib of the leaf. Starch grains<br/>occur in the root, stem and petiole. Lipids occur in all organs. It is believed that phenolic compounds<br/>and resin secretory cavities may justify the use of medicinal species by the population of Caetité.<br/><br/>Key words: Caesalpinioideae, Hymenaea, Caetité, anatomy, histochemistry |
| 650 ## - ASSUNTO - THESAGRO | |
| Cabeçalho tópico ou nome geográfico | ANATOMIA |
| 650 ## - ASSUNTO - THESAGRO | |
| Cabeçalho tópico ou nome geográfico | HISTOQUÍMICA |
| 650 ## - ASSUNTO - THESAGRO | |
| Cabeçalho tópico ou nome geográfico | PLANTA MEDICINAL |
| 773 0# - ENTRADA ANALÍTICA | |
| Host Biblionumber | 3543 |
| Registro do item | 313930 |
| Imprenta | Botucatu-SP Instituto de Biociências - Departamento de Química e Bioquímica 1998 |
| Outro identificador | 2024-0201 |
| Título | Revista Brasileira de Plantas Medicinais (Brazil) |
| ISSN | 1516-0572 |
| Colação | v. 14(4) p. 673-679; (2012) |
| Número de controle de registro | BR2024000387 |
| 856 ## - ACESSO E ENDEREÇO ELETRÔNICO | |
| Identificador uniforme de recurso - URI | https://www.scielo.br/j/rbpm/a/MNVhS7t5jJSdtbQ8WwYR3Nr/?format=pdf&lang=pt |
Nenhum exemplar disponível.

BINAGRI